| 000 | 01253nas a2200325 4500 | ||
|---|---|---|---|
| 001 | BR2015006559 | ||
| 003 | BR-BrBNA | ||
| 005 | 20231205125924.0 | ||
| 007 | ta | ||
| 008 | 230509b bl.|||p| |||| 00| 00por d | ||
| 040 |
_aBR-BrBNA _bpor _cBiblioteca Nacional de Agricultura |
||
| 041 | _a(Pt) | ||
| 072 | _aK10 | ||
| 100 | 1 | _aBrun, E.J. | |
| 100 | 1 | _aFerraz, M. de O. | |
| 100 | 1 | _aAraújo, E.F. de | |
| 245 | 1 | _aRelação entre o acúmulo de serapilheira sobre o solo e variáveis dendrométricas em povoamento híbrido de Eucalyptus urophylla x E. globulus maidenii, em Eldorado do Sul/RS | |
| 246 | 1 | _aLitter accumulation and dendrometric variables relations in a hibrid stand of Eucalyptus urophylla x E. globulus maidenii, in Eldorado do Sul/RS/Brasil | |
| 650 | _aEUCALIPTO | ||
| 650 | _aPRODUCAO FLORESTAL | ||
| 650 | _aCRESCIMENTO | ||
| 650 | _aNUTRICAO VEGETAL | ||
| 650 | _aDENDROMETRIA | ||
| 650 | _aSERAPILHEIRA | ||
| 650 | _aHIBRIDACAO | ||
| 773 | 0 |
_tEcologia e Nutrição Florestal (Brazil) _xISSN 2316-980X _g(2013), v. 1(1) p. 24-31 _wBR2015006559 |
|
| 856 | 4 | 0 | _uhttp://cascavel.ufsm.br/revistas/ojs-2.2.2/index.php/enflo/article/view/14738/pdf |
| 909 |
_a202311 _bLúcia _c55 _dLúcia Elande |
||
| 942 |
_2AGRIS _n0 _cANA |
||
| 999 |
_c246900 _d246900 |
||